|
|
|
|
| LEADER |
00000nab a2200000 a 4500 |
| 001 |
vtls000390004 |
| 003 |
SK-MaSNL |
| 005 |
20260302232534.0 |
| 008 |
160201c1988 xo 0 cze |
| 015 |
|
|
|a SNBRA19rr/mm-uuuuu
|
| 035 |
|
|
|a CL0390128
|
| 040 |
|
|
|a SNKBUCL
|b slo
|c SNKBUCL
|e AACR2
|
| 041 |
0 |
|
|a cze
|
| 044 |
|
|
|a xo
|c SK
|
| 080 |
|
|
|a 658.512.2:681.3
|2 1981
|
| 080 |
|
|
|a 681.3
|2 1981
|
| 080 |
|
|
|a 621.001.66
|2 1981
|
| 100 |
1 |
|
|a Vurm, Vladimír
|c (technik)
|4 aut
|9 956886
|
| 245 |
1 |
0 |
|a Systém automatizovaného konstruování AKROS
|c Vladimír Vurm
|
| 300 |
|
|
|b Lit. 1 zázn. v češ.
|
| 650 |
0 |
7 |
|a systémy CAD
|2 snkbucl
|9 535511
|
| 655 |
|
7 |
|a články zo zborníkov
|2 snkbucl
|9 166140
|
| 773 |
0 |
|
|t Konštruovanie pomocou počítača
|d Bratislava : Dom techniky ČSVTS, 1988
|
| 850 |
|
|
|a Slovenská národná knižnica v Martine
|a MTA001
|
| 852 |
|
|
|a SNK
|b KIS3GCP
|
| 958 |
|
|
|a RK
|
| 958 |
|
|
|a CZ
|
| 992 |
|
|
|a RZB
|
| 999 |
|
|
|c 1543421
|d 1545351
|